| 000 | 00415 a2200133 4500 | ||
|---|---|---|---|
| 005 | 20250902112337.0 | ||
| 020 | _a9789357468558 | ||
| 084 |
_2CC _azobT:5(N20aY:1),5 |
||
| 100 |
_aNEERAJ RAO & ANUTOSH _91035 |
||
| 245 | _a Journey Through Indian Art & Culture : For UPSC Civil Services and State Services Examinations 2025 | ||
| 260 |
_bWiley India Pvt Ltd, _c2024, _aNew Delhi |
||
| 300 | _a603p, | ||
| 942 |
_cREF _2CC |
||
| 999 |
_c750188 _d750188 |
||